[Mercedes Peón] [Recurs electrònic] : ODA : dossiers, premsa, tècnica, fotos ODA :
Descripción Física:
1 disc òptic (CD-ROM) ; 12 cm
Otros Autores:
Peón, Mercedes
Materias:
Peón, Mercedes
MARC
| LEADER | 00000nam a2200000Ia 4500 | ||
|---|---|---|---|
| 001 | 22979 | ||
| 008 | 160829s2008] xx 000 0 cat d | ||
| 080 | |a CD-1-171 | ||
| 245 | |a [Mercedes Peón] [Recurs electrònic] : |b ODA : |b dossiers, premsa, tècnica, fotos | ||
| 260 | |a [Barcelona : |b s.n., |c 2008] | ||
| 300 | |a 1 disc òptic (CD-ROM) ; |c 12 cm | ||
| 650 | |a Peón, Mercedes |9 38291 | ||
| 700 | |a Peón, Mercedes |9 38291 | ||
| 710 | 1 | |a Barcelona (Catalunya : Província). |b Oficina de Difusió Artística |9 52669 | |
| 901 | |a Arxiu | ||
| 942 | |n 1 | ||
| 952 | |0 0 |1 0 |4 0 |6 CD1171 |7 1 |9 48356 |a Arxiu |b Arxiu |d 2016-12-01 |l 0 |o CD-1-171 |p 22979 |r 2016-12-01 00:00:00 |w 2016-12-01 |y ARXIU | ||
| 999 | |c 52162 |d 52162 | ||